Представление документа в формате RUSMARC

ПолеНазваниеЗначение
  Тип записи a
  Библиографический уровень a
001 Контрольный номер RU/CBS_Ul/BASE/512592211
005 Дата корректировки 20241102083305.3
100 Данные общей обработки __
a Данные общей обработки 20160329d2016 ||| 0rusy0189 ca
101 Язык документа 0_
a Язык текста rus
102 Страна публикации __
a Страна публикации RU
105 Кодированные данные (монография) __
a Кодированные данные (монография) y###||||000|y
200 Заглавие и сведения об ответственности 1_
a Заглавие Олимпийские скачки князя Дмитрия Романова
b Общее обозначение материала Текст
e Сведения, относящиеся к заглавию [судьба великого князя, соучастника убийства Григория Распутина]
f Первые сведения об ответственности Е. Долгололова
300 Общие примечания __
a Общие примечания Ограничения по возрасту - 12+
461 Уровень набора _0
1 2000
a Родина
463 Уровень физической единицы _0
1 001RU/CBS_Ul/BASE/512324584
1 2000
a № 2
v С. 44-49 : фото
1 210
d 2016
600 Персоналии _0
a Персоналии (Фамилия) Романов
b Персоналии (Имя, инициалы) Д. П.
600 Персоналии _0
a Персоналии (Фамилия) Распутин
b Персоналии (Имя, инициалы) Г. Е.
606 Тематические рубрики 0_
a Основная рубрика Романовы (семья) - Дмитрий Павлович (великий князь; 1891-1942) - Биография
z Хронологическая подрубрика 19-20 вв.
610 Ключевые слова 0_
a Ключевые слова российская история
610 Ключевые слова 0_
a Ключевые слова история российская
610 Ключевые слова 0_
a Ключевые слова биографии
610 Ключевые слова 0_
a Ключевые слова деятели исторические
610 Ключевые слова 0_
a Ключевые слова исторические деятели
610 Ключевые слова 0_
a Ключевые слова царская семья
610 Ключевые слова 0_
a Ключевые слова семья царская
610 Ключевые слова 0_
a Ключевые слова великие князья
686 Индексы других классификаций __
a Классификационный индекс 63.3(2)
2 Код системы ББК
700 Автор _1
a Фамилия Долгололова
b Имя (инициалы) Е.
g Полное личное имя Елена
801 Источник записи _0
a Страна RU
b Организация МБУК ЦБС г. Ульяновска
c Дата составления 20160329
g Правила каталогизации RCR
801 Источник записи _1
a Страна RU
b Организация МБУК ЦБС г. Ульяновска
c Дата составления 20160329
g Правила каталогизации RCR
901 Тип документа __
t Тип документа b
w Контрольный № источника RU/CBS_Ul/BASE/512324584
910 Корректоры записи __
a Корректор записи Библиотека 1
938 Служебная информация __
a Имя БД period